[Event "Pereira op"]
[Site "Pereira"]
[Date "2023.09.23"]
[Round "1"]
[White "Zuluaga, Nicolas"]
[Black "Ojeda Mujica, Gelmer Geovany"]
[Result "0-1"]
[WhiteElo "1608"]
[BlackElo "1721"]
[PlyCount "61"]
[EventDate "2023.09.23"]
[EventType "swiss"]
[EventRounds "6"]
[EventCountry "COL"]
[SourceTitle "EXT 2024"]
[Source "ChessBase"]
[SourceDate "2023.10.10"]
[SourceVersion "1"]
[SourceVersionDate "2023.10.10"]
[SourceQuality "1"]

1. c4 c6 2. d4 d5 3. Nc3 Nf6 4. Bg5 e6 5. Nf3 Be7 6. Qc2 Nbd7 7. e4 Nxe4 8. Bxe7 Qxe7 9. Nxe4 dxe4 10. Nd2 Nf6 11. a3 e5 12. Nxe4 exd4 13. Bd3 Nxe4 14. Bxe4 f5 15. 0-0-0 fxe4 16. Rxd4 0-0 17. Rxe4 Qg5+ 18. f4 Qg6 19. c5 Bf5 20. Qc4+ Kh8 21. Ree1 Qxg2 22. Qc3 Qg4 23. Qg3 Qxg3 24. hxg3 Rfe8 25. Rd1 Rad8 26. Rd2 Rxd2 27. Kxd2 Kg8 28. Rh4 Re4 29. Rh1 Rd4+ 30. Ke2 Rc4 31. Kf3 0-1